| 000 | 01818nam a22002777a 4500 | ||
|---|---|---|---|
| 001 | 5305 | ||
| 003 | FISKH | ||
| 005 | 20241125142059.0 | ||
| 008 | 241125b cb ||||| |||| 00| 0 eng d | ||
| 020 | _a9781509842254 | ||
| 040 |
_aFISKH _beng _cFISKH _dFISKH |
||
| 082 | _a823.92 | ||
| 100 | _aSlater, Kim | ||
| 245 |
_a928 Miles from Home / _cby Kim Slater |
||
| 250 | _aFirst published 2017 | ||
| 260 |
_aLondon : _bMacmillan Children's Books ; _c2017 . |
||
| 300 |
_a317 pages : _billustrations ; _c21 cm . |
||
| 505 | _aS | ||
| 520 | _aFourteen year old Calum Brooks has big dreams. One day he'll escape this boring life and write movies, proper ones, with massive budgets and A-list stars. For now though, he's stuck coping alone while his dad works away, writing scripts in his head and trying to stay 'in' with his gang of mates at school, who don't like new kids, especially foreign ones.But when his father invites his new Polish girlfriend and her son, Sergi, to move in, Calum's life is turned upside down. He's actually sharing a room with 'the enemy'! How's he going to explain that to his mates? Yet when Calum is knocked down in a hit-and-run and breaks both legs, everything changes. Trapped at home, Calum and Sergi slowly start to understand each other, and even work together to investigate a series of break-ins at the local community centre. But Calum can't help feeling that Sergei's hiding something. Is he really trying to help, or to cover up his own involvement in the crime?928 Miles from Home is a powerful new story from the multi-award-winning author of Smart and A Seven-Letter Word, Kim Slater. | ||
| 521 | 8 |
_a790
_bLexile estimate |
|
| 521 | 8 |
_aS
_bRaz-Plus |
|
| 650 |
_ahome _vFiction |
||
| 650 |
_abig dream _vFiction |
||
| 942 |
_2ddc _cBK _n0 |
||
| 999 |
_c5305 _d5305 |
||